000 00769nam a2200253Ia 4500
003 OSt
005 20220928103556.0
006 a|||||r|||| 00| 0
007 ta
008 220927b |||||||| |||| 00| 0 eng d
024 _a40480
037 _cTextual
040 _aSDCL
_cSDCL
_beng
041 _2eng
_aeng
082 _aO152,1:g(P:75), K7
100 _aSingh Jaanki Das
_9405248
245 0 _aHindi kaviyoen ka chhandshaastr ko yogdaan.
260 _aLucknow
_bLucknow Vishv Vidyalaya
_c1967
300 _a224p.
_ccm.
700 _a Dixit Heeralal Ed.
_9405249
700 _a Shukl Prabhakar Ed.
_9405250
942 _hO152,1:g(P:75), K7
_cTEXL
_2CC
999 _c720913
_d720913